000 00402nam a2200169Ia 4500
001 12419
003 IN-NITTTR
005 20251114233116.0
008 251113s9999||||xx |||||||||||||| ||eng||
040 _beng
040 _cIN-NITTTR
041 _aeng
082 _a681.2 A17E
100 _aAdams, L. F.
245 0 _aEngineering measurements and instrumentation. /
_cAdams, L. F.
942 _2ddc
_cBK
999 _c15055
_d15055